000 00361nam a2200145Ia 4500
008 230917s9999||||xx |||||||||||||| ||und||
040 _e97494
_aMAIN
041 _aEnglish
082 _a940.25 V43A
100 _aVerma, Dinanath
245 0 _aAadhunik Europe (1789-1945)
260 _aNew Delhi
_bGhonda Prakashan
_c1990
300 _axii, 404 p.
942 _cBK
999 _c68109
_d68109